000 00304nam a22001337a 4500
008 181006b xxu||||| |||| 00| 0 eng d
020 _a9781323060469
041 _aeng
080 _a371
100 _a25
101 _aEDU
245 _aReading Across the Disciplines
_cMcWhorter, K.T
942 _2udc
_cBK
999 _c48956
_d48956